000 00454nam a2200181Ia 4500
005 20250508151949.0
008 008 250505s9999 xx 000 0 rus d
037 _aBooks to be hide in OPAC
040 _aFEDL
_beng
_cFEDL
041 _arus
_2eng
084 _qFEDL
100 _aRibkin N
_9760207
245 0 _aElementary geometry for class 7th and 9th
300 _a120p.
546 _aWeeded out
942 _cHB
999 _c1333248
_d1333248